Online
Catalog

La isla y su envés : (Record no. 40358)

MARC details
000 -CABECERA
campo de control de longitud fija 00996nam a2200277 i 4500
001 - NÚMERO DE CONTROL
campo de control 000040868
003 - IDENTIFICADOR DEL NÚMERO DE CONTROL
campo de control DO-SdBNP
005 - FECHA Y HORA DE LA ÚLTIMA TRANSACCIÓN
campo de control 20260128123620.0
007 - CAMPO FIJO DE DESCRIPCIÓN FÍSICA--INFORMACIÓN GENERAL
campo de control de longitud fija ta
008 - DATOS DE LONGITUD FIJA--INFORMACIÓN GENERAL
campo de control de longitud fija 130910s2003 pr a 000 0 spa d
020 ## - NÚMERO INTERNACIONAL ESTÁNDAR DEL LIBRO
Número Internacional Estándar del Libro 0865815879
040 ## - FUENTE DE LA CATALOGACIÓN
Centro catalogador/agencia de origen DO-SdBNP
Lengua de catalogación spa
Centro/agencia transcriptor BNPHU
Normas de descripción rda
041 ## - CÓDIGO DE LENGUA
Código de lengua del texto/banda sonora o título independiente spa
082 #4 - NÚMERO DE LA CLASIFICACIÓN DECIMAL DEWEY
Número de clasificación xxx
Número de documento/Ítem xxx
Número de edición 22
100 1# - ENTRADA PRINCIPAL--NOMBRE DE PERSONA
Nombre de persona Rodríguez, Néstor E.,
Fechas asociadas al nombre 1971-
Término indicativo de función/relación autor
Código de función/relación aut.
9 (RLIN) 33201
245 13 - MENCIÓN DE TÍTULO
Título La isla y su envés :
Resto del título representaciones de lo nacional en el ensayo dominicano contemporáneo /
Mención de responsabilidad, etc. Néstor E. Rodríguez ; prólogo, Pedro Cabiya.
264 #4 - PRODUCCIÓN, PUBLICACIÓN, DISTRIBUCIÓN, FABRICACIÓN Y COPYRIGHT
Producción, publicación, distribución, fabricación y copyright San Juan, Puerto Rico :
Nombre del de productor, editor, distribuidor, fabricante Instituto de Cultura Puertorriqueña,
Fecha de producción, publicación, distribución, fabricación o copyright ©2003.
300 ## - DESCRIPCIÓN FÍSICA
Extensión 58 páginas :
Otras características físicas ilustraciones ;
Dimensiones 19 cm.
336 ## - TIPO DE CONTENIDO
Término de tipo de contenido texto
Código de tipo de contenido txt
Fuente rdacontent
337 ## - TIPO DE MEDIO
Nombre/término del tipo de medio sin mediación
Código del tipo de medio n
Fuente rdamedia
338 ## - TIPO DE SOPORTE
Nombre/término del tipo de soporte volumen
Código del tipo de soporte nc
Fuente rdacarrier
586 ## - NOTA DE PREMIOS
Nota de premios Premio Concha Meléndez de crítica literaria
590 ## - NOTA LOCAL (RLIN)
Nota local Inventariado, 2026/BT
700 1# - PUNTO DE ACCESO ADICIONAL--NOMBRE DE PERSONA
Nombre de persona Cabiya, Pedro,
Fechas asociadas al nombre 1971-
Término indicativo de función/relación prologuista
Código de función/relación pr.
9 (RLIN) 16077
942 ## - ELEMENTOS DE PUNTO DE ACCESO ADICIONAL (KOHA)
Fuente del sistema de clasificación o colocación Dewey Decimal Classification
Tipo de ítem Koha Libro
Holdings
Estado de retiro Estado de pérdida Fuente del sistema de clasificación o colocación Restricciones de uso No para préstamo Código de colección Localización permanente Ubicación/localización actual Ubicación en estantería Fecha de adquisición Total de préstamos Signatura topográfica completa Código de barras Fecha visto por última vez Precio válido a partir de Tipo de ítem Koha Fuente de adquisición Número de copia
    Dewey Decimal Classification Excluido de préstamo   Patrimonio Dominicano Biblioteca Nacional Pedro Henríquez Ureña Biblioteca Nacional Pedro Henríquez Ureña En catalogación 10.09.2013   BNPHU PD 40868-10 25.06.2020 25.06.2020 Libro    
    Dewey Decimal Classification Excluido de préstamo   Patrimonio Dominicano Biblioteca Nacional Pedro Henríquez Ureña Biblioteca Nacional Pedro Henríquez Ureña En catalogación 28.01.2026   BNPHU PD 2026-0341 28.01.2026 28.01.2026 Libro Donado por la Presidencia de la República Dominicana 2023. e.2

Powered by Koha